Normal view
MARC view
- Cross, Gwen
Entry Personal Name
001 - CONTROL NUMBER
- control field: 7951
003 - CONTROL NUMBER IDENTIFIER
- control field: OSt
005 - DATE AND TIME OF LATEST TRANSACTION
- control field: 20260425113508.0
008 - FIXED-LENGTH DATA ELEMENTS
- fixed length control field: 260425|| aca||aabn | a|a d
040 ## - CATALOGING SOURCE
- Original cataloging agency: OSt
- Transcribing agency: OSt
100 ## - HEADING--PERSONAL NAME
- Personal name: Cross, Gwen
670 ## - SOURCE DATA FOUND
- Source citation: Work cat.: (OSt)9659: Cross, Gwen ., More food for the soil, Part 1 & 2 / , 1964.
